000
00314nam a22001337a 4500
082
_a
510
_b
SUN/M
100
_a
SUNDHARARAJAN, SAROJA
245
_a
MATHS AHEAD -6
246
_a
MATHS AHEAD -6
_b
MATHS AHEAD -6
260
_a
HYDERABAD
_b
ORIENT BLACK SWAN
_c
2024
300
_a
248
650
_a
MATHEMATICS
942
_c
BK
999
_c
8934
_d
8934